000 00452nam a2200181Ia 4500
008 230524s9999 xx 000 0 und d
020 _a8123909152
082 _bGAL
100 _aArthur B.Gallion
_942886
245 4 _aThe Urban Pattern : City Planning and Design
250 _a4
260 _aNew Delhi
_bCBS
_c2005
300 _a"VI,629p:"
500 _aQuantity Number: 1
650 _aCivil
700 _a Simon Eisner
_942887
942 _cBK
999 _c57857
_d57857